LEADER 00000ntm a22000007u 4500
001 zp21726
041 |a cze 
100 1 |a Eliášová, Petra  |4 dis 
245 1 0 |a Návrh zlepšení systému změnového řízení s cílem odstranit negativní dopady na výrobu 
246 |a Proposal study of company innovation system with target to eliminate negative effects in production 
260 |c 2011 
300 |a 77 s. (86 883 znaků) 
500 |a Studijní obor: Průmyslové inženýrství 
500 |a Studijní obor: Industrial Engineering 
500 |a Ústav: Ústav průmyslového inženýrství a informačních systémů 
500 |a Univerzita Tomáše Bati ve Zlíně. Fakulta managementu a ekonomiky 
500 |a Tomas Bata University in Zlín. Faculty of Management and Economics 
506 |a Pouze v rámci univerzity 
653 |a Controlling 
653 |a dokumentace 
653 |a datový milník 
653 |a konstrukce 
653 |a konstrukce nářadí 
653 |a kontrola 
653 |a mapa workflow 
653 |a metalurgie 
653 |a nákup 
653 |a návrh na odchylku 
653 |a návrh na změnu 
653 |a norma 
653 |a odchylka 
653 |a odpovědnost 
653 |a plánování 
653 |a pravomoc 
653 |a proces 
653 |a prodej 
653 |a provoz výrobní 
653 |a příkaz k odchylce 
653 |a příkaz ke změně 
653 |a příprava výroby technická 
653 |a řízení změnové 
653 |a služba změnová 
653 |a směrnice 
653 |a sortiment výrobní 
653 |a systém 
653 |a technologie 
653 |a útvar odborný 
653 |a workflow 
653 |a změna 
653 |a změna operativní 
653 |a změna projektová 
653 |a Controlling 
653 |a documentation 
653 |a hoar-stone date 
653 |a construction 
653 |a tools construction 
653 |a inspection 
653 |a workflow map 
653 |a metallurgy engineering 
653 |a purchase 
653 |a temporary-innovation draft 
653 |a innovation draft 
653 |a norm 
653 |a temporary-innovation 
653 |a responsibility 
653 |a planning 
653 |a competence 
653 |a process 
653 |a sale 
653 |a production workshop 
653 |a temporary-innovation application 
653 |a innovation application 
653 |a production planning 
653 |a innovation system 
653 |a innovation service 
653 |a direction 
653 |a production range 
653 |a system 
653 |a technology 
653 |a special division 
653 |a workflow 
653 |a innovation 
653 |a instant innovation 
653 |a systematic innova-tion 
655 4 |a diplomová práce 
700 1 |a Chromjaková, Felicita  |4 ths 
710 2 |a Univerzita Tomáše Bati ve Zlíně. Fakulta managementu a ekonomiky  |4 dgg 
710 2 |a Tomas Bata University in Zlín. Faculty of Management and Economics  |4 dgg 
856 4 0 |u http://hdl.handle.net/10563/16300  |y Plný text v Digitální knihovně UTB